00622nam a2200169 i 450000100060000000300090000600500170001500700030003200800410003510000300007624500910010626000620019730000220025985200320028199900170031395201220033036552ES-MaACL20230906155406.0t|030218s1969 pr ||||1| spa d1 aBraschi, Wilfredo.93138610aNuevas relaciones públicas b: ensayo de teoría y práctica / cWilfredo Braschi. aSan Juan de Puerto Rico : bJuan Ponce de León, c1969. a234 p. ; c22 cm. aES-MaACLjC-38643 bR.69621 c36552d36552 00104070aATENEOMbATENEOMcDEPO2d2008-01-17eSCl0oC-38643p1038406r2023-02-23 00:00:00w2023-02-23yMONOGRAFIA